Things that start with F by picture - Statistics

General Stats
  • This quiz has been taken 67 times
  • The average score is 9 of 12
Answer Stats
Picture Answer % Correct
Face
98%
Firefox
95%
Fortune cookie
88%
French fries
86%
Fig
84%
Flower
84%
Fiona
79%
Fiji
75%
Fish
72%
Faroe Islands
46%
Frozone
46%
Flames
32%
No matching quizzes found
Score Distribution
Percent of People with Each Score
Percentile by Number Answered
Your Score History
You have not taken this quiz